[Event "Match"]
[Site "www.echecsemail.com"]
[Date "2015.07.20"]
[Round "1"]
[White "Shihchuliao"]
[Black "Generalfree"]
[WhiteElo "2040"]
[BlackElo "1760"]
[Result "0-1"]
[Round "1"]
1.d4 d5
2.Nb1c3 c6
3.e4 dxe4
4.Nc3xe4 e5
5.Bc1e3 f5
6.Ne4c3 Bf8b4
7.g3 Ng8f6
8.Bf1g2 e4
9.h3 Bb4xc3
10.bxc3 Nf6d5
11.Be3d2 Qd8a5
12.Ng1e2 Qa5a3
13.Bd2c1 Qa3a6
14.Bc1b2 g5
15.Qd1d2 h6
16.O-O Bc8e6
17.a4 Nb8d7
18.g4 fxg4
19.hxg4 Be6xg4
20.Bg2xe4 Bg4xe2
21.Rf1e1 Nd5f4
22.Be4f3 O-O-O
23.Bf3xe2 Nf4xe2
24.Re1xe2 Rh8e8
25.Re2xe8 Rd8xe8
26.Qd2d3 Qa6b6
27.Bb2a3 a5
28.c4 c5
29.d5 Nd7e5
30.Qd3f5 Kb8
31.Qf5e4 g4
32.Ra1e1 Ne5f3
33.Qe4xf3 Re8xe1
34.Kg2 gxf3
35.Kxf3 Qb6f6
36.Kg2 Qf6g5
37.Kf3 Qg5f5
38.Kg2 Qf5g4
39.Kh2 Qg4g1
40.Kh3 Qg1h1
41.Kg3 Re1g1
42.Kf4 Qh1h4
43.Ke5 Qh4xf2
44.d6 Qf2d4
45.Ke6 Qd4xc4
46.Kf6 Qc4xc2
47.Ke6 Rg1e1
48.Kf7 Qc2f5
49.Kg7 Re1e8
50.Kxh6 Re8g8
51.Ba3xc5 Qf5g6

0-1

[Event "Match"]
[Site "www.echecsemail.com"]
[Date "2015.07.20"]
[Round "1"]
[White "Drharislacan"]
[Black "Churrasca"]
[WhiteElo "1699"]
[BlackElo "2100"]
[Result "0-1"]
[Round "1"]
1.e4 c5
2.Ng1f3 d6
3.d4 cxd4
4.Nf3xd4 Ng8f6
5.Nb1c3 g6
6.Bf1d3 Bf8g7
7.Bc1g5 O-O
8.Bg5xf6 Bg7xf6
9.O-O Bf6xd4
10.Nc3d5 Bc8e6
11.Kh1 Be6xd5
12.exd5 Bd4xb2
13.Ra1b1 Bb2f6
 { time }
0-1

[Event "Match"]
[Site "www.echecsemail.com"]
[Date "2015.07.20"]
[Round "1"]
[White "Expert"]
[Black "Tartan"]
[WhiteElo "1680"]
[BlackElo "2360"]
[Result "0-1"]
[Round "1"]
1.d4 Ng8f6
2.c4 e6
3.Ng1f3 d5
4.cxd5 exd5
5.Bc1g5 c6
6.e3 Bf8e7
7.Nb1d2 Bc8f5
8.Qd1b3 Qd8b6
9.Bf1e2 O-O
10.O-O Nb8d7
11.Ra1c1 h6
12.Bg5xf6 Be7xf6
13.Rc1c3 Rf8e8
14.Rf1c1 g6
15.h3 Bf5e6
16.Qb3xb6 axb6
17.a3 b5
18.Be2d3 Bf6e7
19.Rc3c2 b4
20.axb4 Be7xb4
21.Nd2b3 Bb4f8
22.Kf1 Bf8g7
23.Rc1b1 Re8c8
24.Nb3c5 Nd7xc5
25.Rc2xc5 b6
26.Rc5c2 c5
27.dxc5 bxc5
28.b3 Ra8a3
29.Nf3d2 Bg7f8
30.e4 c4
31.Bd3e2 c3
32.Nd2f3 Bf8g7
33.Be2d3 dxe4
34.Bd3xe4 Ra3xb3
35.Rb1c1 Be6c4
36.Kg1 f5
{ resign }
0-1

[Event "Match"]
[Site "www.echecsemail.com"]
[Date "2015.07.20"]
[Round "1"]
[White "Julianlore"]
[Black "Yangqi"]
[WhiteElo "1839"]
[BlackElo "2200"]
[Result "1-0"]
[Round "1"]
1.e4 c5
2.Ng1f3 d6
3.d4 cxd4
4.Nf3xd4 Ng8f6
5.Nb1c3 g6
6.Bf1e2 Bf8g7
7.O-O Nb8c6
8.Nd4b3 O-O
9.Bc1e3 Bc8e6
10.f4 Ra8c8
11.Kh1 a6
12.Be2f3 Nf6d7
13.Ra1b1 Be6c4
14.Rf1f2 b5
15.a3 Bg7xc3
16.bxc3 Nd7b6
17.Qd1e1 Nb6a4
18.Rb1d1 Qd8c7
19.Nb3d4 e5
20.Nd4xc6 Qc7xc6
21.Rf2d2 Bc4a2
22.f5 d5
23.exd5 Qc6d6
24.Qe1g3 Na4xc3
25.Rd1e1 Rf8e8
26.Be3g5 Rc8c7
27.Rd2d3 Nc3a4
28.fxg6 hxg6
29.Rd3d4 f6
30.Bg5d2 Rc7g7
31.Bd2h6 Na4b6
32.Bh6xg7 Kxg7
33.Rd4h4 f5
34.Qg3h3 Qd6f6
35.Rh4h7 Kg8
36.Rh7a7 Nb6c8
37.Qh3h7 Kf8
38.Ra7a8 e4
39.Qh7c7 Qf6h4
40.Re1d1 exf3
41.Ra8xc8 Qh4e4
42.Qc7c5 Kf7
43.Rc8c7 Kg8
44.Qc5c3 Qe4e5
45.Qc3xe5 Re8xe5
46.gxf3 Re5xd5
47.Rd1xd5 Ba2xd5
48.Kg2 g5
49.Kf2 a5
50.Rc7c5 { resign }
1-0

[Event "Match"]
[Site "www.echecsemail.com"]
[Date "2015.07.20"]
[Round "1"]
[White "Germancho95"]
[Black "Hurtadofredy"]
[WhiteElo "1610"]
[BlackElo "1330"]
[Result "0-1"]
[Round "1"]
1.e4 a6
2.Ng1f3 d6
3.d3 h5
4.Bf1e2 g6
5.c3 e5
6.d4 Qd8e7
7.O-O Nb8c6
8.Bc1e3 h4
9.h3 exd4
10.Nf3xd4 Qe7xe4
11.Be2f3 Qe4e7
12.Nd4xc6 bxc6
13.Bf3xc6 Bc8d7
14.Bc6xa8 c6
15.Rf1e1 Bd7e6
16.Ba8xc6 Kd8
17.Be3b6 Kc8
18.Qd1f3 Qe7f6
19.Bc6b7 Kb8
20.Bb7xa6 Qf6xf3
21.gxf3 Rh8h5
22.Nb1a3 Ng8e7
23.Na3b5 Rh5g5
24.Kh2 Ne7d5
25.Bb6a5 Nd5f4
26.a4 Rg5g2
27.Kh1 Bf8g7
28.Re1g1 Rg2xf2
29.Ra1b1 Be6d5
30.Rg1f1 Bd5xf3
31.Kg1 Nf4xh3
{ resign }
0-1

[Event "Match"]
[Site "www.echecsemail.com"]
[Date "2015.07.20"]
[Round "1"]
[White "Chessticles"]
[Black "Osmund"]
[WhiteElo "1499"]
[BlackElo "1349"]
[Result "1-0"]
[Round "1"]
1.g3 e6
2.b3 Nb8c6
3.Bf1g2 d5
4.Ng1f3 Qd8f6
5.c3 e5
6.b4 a6
7.a3 d4
8.Bc1b2 Ng8e7
9.h4 g5
10.e3 h6
11.cxd4 Bf8g7
12.Qd1c2 Bc8f5
13.Qc2b3 Bf5g4
14.Nf3h2 Bg4f3
15.Nh2xf3 g4
16.Nf3xe5 Ne7f5
17.Ne5xg4 Qf6g6
18.Ng4e5 Nc6xe5
19.dxe5 Nf5xh4
20.Rh1xh4 f6
21.Bg2e4 f5
22.Be4xb7 Ra8b8
23.Bb7c6 Qg6xc6
24.Nb1c3 Bg7xe5
25.e4 a5
26.exf5 Rh8f8
27.Rh4e4 axb4
28.Re4xe5 Kd8
29.Nc3b5 Rb8xb5
30.Qb3a4 Rf8e8
31.Ra1c1 Rb5xe5
32.Bb2xe5  { time }
1-0

[Event "Match"]
[Site "www.echecsemail.com"]
[Date "2015.07.20"]
[Round "1"]
[White "Billyg"]
[Black "Mataa"]
[WhiteElo "1610"]
[BlackElo "1499"]
[Result "1-0"]
[Round "1"]
1.e4 d5
2.Nb1c3 d4
3.Nc3e2 e5
4.f4 Bf8d6
5.f5 Ng8f6
6.Ng1f3 Nf6xe4
7.c3 dxc3
8.bxc3 O-O
9.d3 Ne4f6
10.Bc1g5 Bc8xf5
11.d4 exd4
12.Nf3xd4 Bf5d7
13.Qd1d3 Rf8e8
14.O-O-O Nb8c6
15.Nd4b5 Nc6e5
16.Qd3d4 Bd7xb5
17.Ne2f4 Bd6a3
18.Kb1 Qd8xd4
19.Rd1xd4 Bb5xf1
{ time. }
1-0

[Event "Match"]
[Site "www.echecsemail.com"]
[Date "2015.07.20"]
[Round "1"]
[White "Cyrilgeorge"]
[Black "Caspito"]
[WhiteElo "1780"]
[BlackElo "1760"]
[Result "1-0"]
[Round "1"]
1.e4 e5
2.Ng1f3 Nb8c6
3.c3 Bf8c5
4.Bf1e2 Ng8f6
5.d3 O-O
6.O-O d5
7.Bc1g5 d4
8.h3 Qd8d6
9.Qd1a4 Bc8d7
10.b4 Nc6xb4
11.Qa4d1 Bd7a4
12.Qd1xa4 Nb4c6
13.Bg5xf6 Qd6xf6
14.c4 Nc6e7
15.Nb1a3 c6
16.Ra1b1 b6
17.Na3c2 Ne7g6
18.Nc2e1 Ng6f4
19.Qa4c2 Qf6g6
20.g3 Nf4xh3
21.Kh1 Qg6h6
22.Nf3h4 Nh3g5
23.Ne1g2 Bc5e7
24.f4 exf4
25.Ng2xf4 c5
26.a4 Ng5h3
27.Nf4xh3 Be7xh4
28.gxh4 Qh6xh4
29.Rf1f3 Ra8b8
30.Qc2d2 Rb8b7
31.Qd2f4 Qh4h5
32.Rb1f1 f6
33.Qf4h2 Qh5e8
34.Rf3f5 a6
35.Nh3f4 Qe8xa4
36.Rf1g1 b5
37.Nf4e6 { resign }
1-0

[Event "Match"]
[Site "www.echecsemail.com"]
[Date "2015.07.20"]
[Round "1"]
[White "Fangshuo3"]
[Black "Pare123"]
[WhiteElo "1799"]
[BlackElo "2030"]
[Result "1-0"]
[Round "1"]
1.e4 c5
2.Ng1f3 Nb8c6
3.b3 e5
4.Bc1b2 d6
5.Bf1c4 h6
6.Nb1c3 Bc8g4
7.O-O Nc6d4
8.Bc4xf7 Kxf7
9.Nf3xe5 dxe5
10.Qd1xg4 Ng8f6
11.Qg4d1 Bf8e7
12.f4 exf4
13.Rf1xf4 Kg8
14.d3 Kh7
15.e5 Nf6d7
16.Rf4e4 Rh8f8
17.Nc3d5 Nd4e6
18.Qd1g4 Ne6g5
19.e6 Nd7f6
20.Nd5xf6 gxf6
21.Qg4f5 Kg7
22.Re4g4 Kh8
23.h4 Ng5h7
24.Rg4g6 Rf8g8
25.Rg6xh6 Rg8g7
26.Ra1f1 Kg8
27.Rf1f4 Qd8f8
28.Rf4g4 Rg7xg4
29.Qf5xh7 { resign }
1-0

[Event "Match"]
[Site "www.echecsemail.com"]
[Date "2015.07.20"]
[Round "1"]
[White "Gimmyg"]
[Black "Roqueur"]
[WhiteElo "2260"]
[BlackElo "2640"]
[Result "1/2-1/2"]
[Round "1"]
1.d4 Ng8f6
2.e3 d5
3.Ng1f3 c6
4.c4 Bc8f5
5.Nb1c3 e6
6.cxd5 cxd5
7.Nf3e5 Nf6d7
8.Ne5xd7 Qd8xd7
9.Bf1d3 { draw }
1/2-1/2

[Event "Match"]
[Site "www.echecsemail.com"]
[Date "2015.07.20"]
[Round "1"]
[White "Harrytheking"]
[Black "Supernovae"]
[WhiteElo "1770"]
[BlackElo "1970"]
[Result "1-0"]
[Round "1"]
1.c4 c5
2.Ng1f3 Nb8c6
3.a3 Ng8f6
4.h3 d5
5.cxd5 Nf6xd5
6.e4 Nd5f6
7.Nb1c3 e5
8.d3  { time }
1-0

[Event "Match"]
[Site "www.echecsemail.com"]
[Date "2015.07.20"]
[Round "1"]
[White "Harrytheking"]
[Black "Mdesouza"]
[WhiteElo "1770"]
[BlackElo "2210"]
[Result "0-1"]
[Round "1"]
1.c4 Ng8f6
2.d3 g6
3.h3 Bf8g7
4.Nb1c3 O-O
5.Ng1f3 b6
6.e4 d6
7.Bf1e2 Nb8d7
8.b4 Nf6xe4
9.Bc1b2 Bg7xc3
10.Bb2xc3 Ne4xc3
11.Qd1d2 Nc3xe2
12.Qd2xe2 Bc8b7
13.a4 Nd7f6
14.O-O e5
15.Rf1e1 Nf6h5
16.Qe2e3 Qd8f6
17.Ra1a2 Bb7xf3
18.gxf3 Nh5f4
19.c5 Qf6g5
20.Kf1 Qg5g2

0-1

[Event "Match"]
[Site "www.echecsemail.com"]
[Date "2015.07.20"]
[Round "1"]
[White "Ranjachess"]
[Black "Rindrandria"]
[WhiteElo "1680"]
[BlackElo "1570"]
[Result "1-0"]
[Round "1"]
1.e4 e6
2.Ng1f3 g5
3.h3 f6
4.Nb1c3 d5
5.d4 c6
6.a4 Bf8b4
7.Bc1d2 Bb4xc3
8.Bd2xc3 dxe4
9.Nf3d2 Qd8d5
10.Bf1c4 Qd5f5
11.O-O b5
12.Qd1h5 Qf5g6
13.Bc4e2 Nb8a6
14.Nd2xe4 Ke7
15.Qh5g4 f5
16.Qg4xg5 Qg6xg5
17.Ne4xg5 b4
18.Be2xa6 Bc8xa6
19.Bc3xb4 Kf6
20.Rf1e1 Kxg5
21.Re1xe6 Ba6b7
22.d5 cxd5
23.Bb4c3 Ng8h6
24.Bc3xh8 Ra8xh8
25.Re6e7 Rh8b8
26.Re7xh7 d4
27.Ra1d1 Kg6
28.Rh7d7 Bb7e4
29.c4 Be4c2
30.Rd1xd4 a5
31.c5 Rb8xb2
32.Rd4d2 Rb2b1
33.Kh2 Bc2xa4
34.c6 f4
35.Rd7d6 Kg7
36.Rd2d4 Nh6f5
37.Rd6d7 Kf6
38.Rd4xa4 { resign }
1-0

[Event "Match"]
[Site "www.echecsemail.com"]
[Date "2015.07.20"]
[Round "1"]
[White "Lebridgeur"]
[Black "Hundegana"]
[WhiteElo "1499"]
[BlackElo "1950"]
[Result "0-1"]
[Round "1"]
1.d4 c5
2.d5 d6
3.Ng1f3 e6
4.Nb1c3 e5
5.e4 Bc8d7
6.a4 a6
7.Nf3d2 Ng8f6
8.Nd2c4 Bf8e7
9.Bf1e2 O-O
10.O-O Kh8
11.f4 Qd8c7
12.fxe5 Nf6e8
13.Bc1f4 g5
14.Bf4g3 Ne8g7
15.exd6 Qc7d8
16.dxe7 Qd8xe7
17.Bg3d6 Qe7d8
18.Bd6xf8 Qd8xf8
19.Be2h5 Ng7xh5
20.Qd1xh5 f6
21.e5 Bd7e8
22.Rf1xf6 Qf8g8
23.Qh5h6 Nb8d7
24.Ra1f1 Nd7xf6
25.Rf1xf6 g4
26.Rf6f8 Be8g6
27.Rf8xg8 Ra8xg8
28.e6 Bg6xc2
29.Qh6f6 Rg8g7
30.Nc4e5 b5
 { time }
0-1

[Event "Match"]
[Site "www.echecsemail.com"]
[Date "2015.07.20"]
[Round "1"]
[White "Castletyme"]
[Black "Kesalon"]
[WhiteElo "1840"]
[BlackElo "1830"]
[Result "0-1"]
[Round "1"]
1.e4 c5
2.Ng1f3 d6
3.d3 Nb8c6
4.Nb1c3 Ng8f6
5.Nc3e2 Bc8g4
6.Ne2g3 Nc6d4
7.Bf1e2 Nd4xe2
8.Ng3xe2 Bg4xf3
9.gxf3 g6
10.Bc1g5 Bf8g7
11.Bg5xf6 Bg7xf6
12.c3 Qd8b6
13.b3 O-O
14.Kd2 e6
15.Kc2 c4
16.d4 cxb3
17.axb3 Ra8c8
18.Kd3 e5
19.Ra1a4 exd4
20.c4 Rf8e8
21.b4 Qb6c6
22.b5 Qc6c5
23.Qd1a1 d5
24.Rh1c1 dxc4
25.Rc1xc4 Qc5xb5
26.Ne2xd4 Re8d8
27.Kc3 Rc8xc4
28.Ra4xc4 Qb5b6
29.Qa1a4 Bf6xd4
30.Rc4xd4 Qb6xd4
31.Qa4xd4 Rd8xd4
32.Kxd4 a5
33.Kc4 a4
34.Kb4 b5
{ resign }
0-1

[Event "Match"]
[Site "www.echecsemail.com"]
[Date "2015.07.20"]
[Round "1"]
[White "Ericleo1980"]
[Black "Fangshuo1"]
[WhiteElo "1809"]
[BlackElo "1499"]
[Result "1-0"]
[Round "1"]
1.d4 d5
2.Ng1f3 c5
3.c4 e6
4.cxd5 exd5
5.g3 Nb8c6
6.Bf1g2 Ng8f6
7.O-O Bc8e6
8.Nb1c3 Qd8b6
9.dxc5 Bf8xc5
10.Nc3a4 Qb6b5
11.Na4xc5 Qb5xc5
12.Bc1e3 Qc5e7
13.Ra1c1 Ra8c8
14.Qd1a4 O-O
15.Be3c5 Qe7d7
16.Bc5xf8 Kxf8
17.Nf3d4 Be6h3
18.Nd4xc6 Bh3xg2
19.Qa4b4 Ke8
20.Kxg2 bxc6
21.f3 Qd7e6
22.a3 Qe6xe2
23.Rf1f2 { resign }
1-0

[Event "Match"]
[Site "www.echecsemail.com"]
[Date "2015.07.20"]
[Round "1"]
[White "Calponas"]
[Black "Cristiano"]
[WhiteElo "2040"]
[BlackElo "2150"]
[Result "1-0"]
[Round "1"]
1.e4 e5
2.Ng1f3 Nb8c6
3.Bf1b5 a6
4.Bb5a4 f5
5.Nb1c3 fxe4
6.Nc3xe4 b5
7.Ba4b3 d5
8.Ne4g3 Ng8f6
9.d3 Bf8e7
10.O-O e4
11.dxe4 dxe4
12.Nf3g5 Qd8xd1
13.Rf1xd1 Nc6e5
14.Bc1f4 Ne5c4
15.a4 c6
16.axb5 { resign }
1-0

[Event "Match"]
[Site "www.echecsemail.com"]
[Date "2015.07.20"]
[Round "1"]
[White "Cristiano"]
[Black "Neverless"]
[WhiteElo "2150"]
[BlackElo "2660"]
[Result "0-1"]
[Round "1"]
1.e4 c5
2.Nb1c3 Nb8c6
3.f4 g6
4.Ng1f3 Bf8g7
5.Bf1c4 e6
6.a3 Ng8e7
7.d3 O-O
8.Bc1e3 d5
9.exd5 exd5
{ resign }
0-1

[Event "Match"]
[Site "www.echecsemail.com"]
[Date "2015.07.20"]
[Round "1"]
[White "Cristiano"]
[Black "Pare123"]
[WhiteElo "2150"]
[BlackElo "2030"]
[Result "0-1"]
[Round "1"]
1.e4 c5
2.Ng1f3 Nb8c6
3.d4 cxd4
4.Nf3xd4 Qd8a5
5.Nb1c3 e5
6.Nd4xc6 bxc6
7.Bc1d2 Qa5b4
8.Ra1b1 Ng8f6
9.Bf1d3 Qb4a5
10.a3 Qa5c7
11.h3 h6
12.O-O Bf8e7
13.f4 Be7c5
14.Kh1 d6
15.fxe5 dxe5
16.b4 Bc5d4
17.Nc3a4 a5
18.c3 Bd4b6
19.b5 c5
20.c4 Qc7e7
21.Na4xb6 Ra8b8
22.Nb6xc8 Rb8xc8
23.a4 Rc8a8
24.Bd2c3 O-O
25.Rf1f5 Nf6d7
26.b6 Rf8b8
27.b7 Ra8a7
28.Rb1b5 Ra7xb7
{ resign }
0-1

[Event "Match"]
[Site "www.echecsemail.com"]
[Date "2015.07.20"]
[Round "1"]
[White "Colchester"]
[Black "Wwgia"]
[WhiteElo "2020"]
[BlackElo "2040"]
[Result "0-1"]
[Round "1"]
1.d4 c5
2.d5 e5
3.c4 d6
4.Nb1c3 g6
5.e4 Bf8g7
6.f4 Nb8d7
7.Ng1f3 a6
8.Bf1e2 Ng8e7
9.O-O exf4
10.Bc1xf4 Nd7e5
11.Nf3xe5 dxe5
12.Bf4e3 O-O
13.Be3xc5 Rf8e8
14.Qd1c2 Bc8d7
{ time. }
0-1

[Event "Match"]
[Site "www.echecsemail.com"]
[Date "2015.07.20"]
[Round "1"]
[White "Gaspard"]
[Black "Jafarhayder"]
[WhiteElo "1860"]
[BlackElo "1650"]
[Result "1-0"]
[Round "1"]
1.e4 e6
2.d4 d5
3.exd5 exd5
4.Nb1c3 Ng8f6
5.Bc1g5 c6
6.Bf1d3 Bf8d6
7.Qd1f3 Bc8g4
8.Qf3xg4 Nf6xg4
9.Bg5xd8 Kxd8
10.Ng1f3 Nb8d7
11.O-O h6
12.Ra1e1  { time }
1-0

[Event "Match"]
[Site "www.echecsemail.com"]
[Date "2015.07.20"]
[Round "1"]
[White "Reanna"]
[Black "Carazo"]
[WhiteElo "1590"]
[BlackElo "1599"]
[Result "0-1"]
[Round "1"]
1.c4 e5
2.e4 Ng8f6
3.Nb1c3 Bf8c5
4.Ng1f3 Nf6g4
5.d4 exd4
6.Nc3d5 d3
7.Nd5e3 Bc5b4
8.Bc1d2 Qd8e7
9.Bf1xd3 Bb4xd2
10.Qd1xd2 Ng4e5
11.Ne3d5 Qe7d6
12.O-O-O c6
13.Qd2b4 Qd6xb4
14.Nf3xe5 cxd5
15.exd5 O-O
16.h4 d6
17.Ne5f3 Nb8a6
18.Rd1d2 Qb4a5
19.b3 Na6b4
 { time }
0-1

[Event "Match"]
[Site "www.echecsemail.com"]
[Date "2015.07.20"]
[Round "1"]
[White "Azorau"]
[Black "Reanna"]
[WhiteElo "1529"]
[BlackElo "1590"]
[Result "1-0"]
[Round "1"]
1.e4 e5
2.Ng1f3 Nb8c6
3.Bf1c4 Bf8e7
4.c3 Ng8f6
5.Nf3g5 d5
6.exd5 Nf6xd5
7.Ng5xf7 Kxf7
8.Qd1f3 Be7f6
9.Bc4xd5 Bc8e6
10.Qf3f5 Qd8xd5
11.Qf5h5 g6
12.Qh5f3 e4
13.Qf3f4 Nc6e5
14.O-O g5
15.Qf4g3 Ne5f3
16.gxf3 exf3
17.Qg3xc7 Kg6
18.d4 Rh8c8
19.Qc7g3 b5
20.h4 h6
21.Nb1d2 Rc8g8
22.Nd2xf3 Kh7
23.h5 g4
24.Nf3e1 Qd5xh5
25.Ne1g2 Bf6g5
26.Qg3d3 Kh8
27.Qd3xb5 a6
28.Qb5e2 Bg5xc1
29.Ra1xc1 Ra8e8
30.Qe2d1 Qh5h3
31.Ng2f4 Qh3f3
32.Nf4h5 Qf3xd1
33.Rc1xd1 Be6xa2
34.Nh5f6 g3
35.Nf6xg8 Re8xg8
36.fxg3 Rg8xg3
37.Kh2 Rg3g6
38.d5  { time }
1-0

[Event "Match"]
[Site "www.echecsemail.com"]
[Date "2015.07.20"]
[Round "1"]
[White "Acucar1"]
[Black "Culiflori"]
[WhiteElo "1370"]
[BlackElo "999"]
[Result "0-1"]
[Round "1"]
1.e4 e5
2.Ng1f3 Nb8c6
3.Nb1c3 Ng8f6
4.d3 d6
5.Bf1e2 Bf8e7
6.O-O O-O
7.Bc1e3 Bc8e6
8.Be3g5 h6
9.Bg5h4 Rf8e8
10.a3 a6
11.d4 exd4
12.Nf3xd4 Nc6xd4
13.Qd1xd4 c5
14.Qd4e3 Nf6g4
15.Qe3f4 Be7xh4
16.g3 Bh4g5
17.Qf4f3 Ng4e5
18.Qf3g2 Bg5f6
19.b3 Ne5c6
20.Nc3d1 Bf6xa1
21.Be2d3 Ba1f6
22.Nd1e3 Nc6e5
23.f4 Ne5xd3
24.cxd3 Bf6d4
25.Qg2f3 Be6xb3
26.Kg2 Bd4xe3
27.Qf3xe3 f5
28.Qe3c1 fxe4
29.Qc1c3 Bb3d5
30.d4 e3
31.Kh3 Qd8d7
32.g4 h5
{ resign }
0-1

[Event "Match"]
[Site "www.echecsemail.com"]
[Date "2015.07.20"]
[Round "1"]
[White "Yakke"]
[Black "Generalfree"]
[WhiteElo "1760"]
[BlackElo "1800"]
[Result "1-0"]
[Round "1"]
1.e4 e5
2.Ng1f3 Nb8c6
3.c3 a6
4.d4 exd4
5.Nf3xd4 Nc6xd4
6.cxd4 Bf8b4
7.Bc1d2 Qd8e7
8.f3 d5
9.Qd1a4 b5
10.Qa4xb4 Qe7h4
11.g3 Qh4h5
12.Bf1e2 Bc8b7
13.Nb1c3 Ng8f6
14.e5 Nf6d7
15.O-O-O c6
16.f4 Qh5g6
17.Qb4d6 Qg6xd6
18.exd6 O-O-O
19.Rd1e1 Nd7f6
20.Be2d1 Rd8xd6
21.h3 a5
22.Nc3e2 Kb8
23.Bd2xa5 g6
24.Ba5d2 Nf6d7
25.Bd2b4 Rd6e6
26.Ne2c3 Re6xe1
27.Rh1xe1 Nd7f6
28.Re1e7 Bb7c8
29.Re7xf7 { resign }
1-0

[Event "Match"]
[Site "www.echecsemail.com"]
[Date "2015.07.20"]
[Round "1"]
[White "Generalfree"]
[Black "Oxycontin"]
[WhiteElo "1770"]
[BlackElo "2110"]
[Result "1-0"]
[Round "1"]
1.d4 d5
2.Ng1f3 e6
3.b3 c5
4.c4 Ng8f6
5.Nb1c3 Nb8c6
6.e3 cxd4
7.exd4 Bf8b4
8.Bc1b2 Nf6e4
9.Qd1c2 Qd8a5
10.Nf3d2 Bb4xc3
11.Bb2xc3 Qa5xc3
12.Qc2xc3 Ne4xc3
13.c5 Nc6xd4
14.Bf1d3 Nc3b5
15.a4 Nb5c7
16.O-O O-O
17.Rf1e1 Bc8d7
18.b4 a6
19.h3 Ra8c8
20.Re1c1 Nc7e8
21.Nd2f3 Nd4b3
22.Nf3g5 Ne8f6
23.Rc1b1 Nb3xa1
24.Rb1xa1  { time }
1-0

[Event "Match"]
[Site "www.echecsemail.com"]
[Date "2015.07.20"]
[Round "1"]
[White "Cristiano"]
[Black "Reanna"]
[WhiteElo "2150"]
[BlackElo "1590"]
[Result "1-0"]
[Round "1"]
1.e4 e5
2.f4 d6
3.Ng1f3 Ng8f6
4.Nb1c3 Bf8e7
5.Bf1c4 O-O
6.d3 Nf6g4
7.O-O Be7h4
8.fxe5 Bc8e6
9.Bc4b3 Ng4xe5
10.Nf3xe5 dxe5
11.Bc1e3 Qd8d7
12.Bb3xe6 Qd7xe6
13.Nc3d5 Nb8a6
14.a3  { time }
1-0

[Event "Match"]
[Site "www.echecsemail.com"]
[Date "2015.07.20"]
[Round "1"]
[White "Gambitmiau"]
[Black "Darknight"]
[WhiteElo "1820"]
[BlackElo "1730"]
[Result "1-0"]
[Round "1"]
1.e4 e5
2.d4 exd4
3.c3 dxc3
4.Bf1c4 Bf8c5
5.Qd1f3 Ng8f6
6.Nb1xc3 c6
7.Ng1h3 h6
8.O-O d6
9.Rf1d1 Bc8g4
10.Qf3d3 Bg4xd1
11.Qd3xd1 Nb8d7
12.Nh3f4 Nd7e5
13.a3 Ne5xc4
14.b3 Nc4e5
15.Bc1b2 a6
16.Nc3a4 Bc5a7
17.Qd1e2 Qd8e7
18.Ra1e1 O-O-O
19.b4 Kb8
20.Na4c3 h5
21.Kh1 Rd8g8
22.a4 g5
23.Nf4d3 h4
24.b5 g4
25.Nd3xe5 dxe5
26.bxc6 bxc6
27.Qe2xa6 Qe7b7
28.Qa6e2 g3
29.Re1b1 Kc7
30.Bb2a3 Qb7c8
31.Rb1c1 Ba7xf2
32.Nc3b5 Kd8
33.Rc1d1 Nf6d7
34.Nb5d6 Qc8b8
35.Nd6xf7 Kc7
36.Ba3d6 Kc8
37.Bd6xb8 Nd7xb8
38.Nf7xh8 Rg8xh8
39.Qe2g4 Nb8d7
40.Rd1xd7 Kb8
41.Qg4g7  { time }
1-0

[Event "Match"]
[Site "www.echecsemail.com"]
[Date "2015.07.20"]
[Round "1"]
[White "Whitekknight"]
[Black "Ditto"]
[WhiteElo "1870"]
[BlackElo "1820"]
[Result "0-1"]
[Round "1"]
1.e4 e5
2.Ng1f3 Nb8c6
3.Bf1c4 Ng8f6
4.Nf3g5 d5
5.exd5 Nc6d4
6.d6 Qd8xd6
7.Ng5xf7 Qd6c6
8.Nf7xe5 Qc6xg2
9.Rh1f1 Qg2e4
{ resign }
0-1

[Event "Match"]
[Site "www.echecsemail.com"]
[Date "2015.07.20"]
[Round "1"]
[White "Irene"]
[Black "Cristiano"]
[WhiteElo "1970"]
[BlackElo "2150"]
[Result "1-0"]
[Round "1"]
1.d4 d5
2.Ng1f3 Nb8c6
3.e3 Ng8f6
4.Bf1b5 e6
5.Bb5xc6 bxc6
6.c3 Bf8d6
7.Qd1a4 Bc8d7
8.Nf3e5 Bd6xe5
9.dxe5 c5
10.Qa4a5 Nf6e4
11.f3 { resign }
1-0

[Event "Match"]
[Site "www.echecsemail.com"]
[Date "2015.07.20"]
[Round "1"]
[White "Cristiano"]
[Black "Pariolinius"]
[WhiteElo "2150"]
[BlackElo "1790"]
[Result "0-1"]
[Round "1"]
1.e4 c5
2.Ng1f3 Nb8c6
3.d4 cxd4
4.Nf3xd4 e5
5.Nd4f3 Ng8f6
6.Nb1c3 Bf8b4
7.Bf1d3 O-O
8.O-O d5
9.Nc3xd5 Bc8g4
10.Nd5xb4 Nc6xb4
11.Bc1g5 Nb4xd3
12.cxd3 Qd8b6
13.b3 Nf6d7
14.h3 Bg4h5
15.g4 Bh5g6
16.Bg5e3 Qb6d6
{ resign }
0-1

[Event "Match"]
[Site "www.echecsemail.com"]
[Date "2015.07.20"]
[Round "1"]
[White "Ssharp"]
[Black "Bojan"]
[WhiteElo "2130"]
[BlackElo "1890"]
[Result "1-0"]
[Round "1"]
1.e4 e5
2.f4 exf4
3.Ng1f3 d5
4.e5 d4
5.Bf1c4 Bf8c5
6.d3 Qd8e7
7.Bc1xf4 h6
8.O-O Nb8c6
9.a3 Bc8e6
10.Nb1d2 a6
11.b4 Bc5a7
12.Kh1 Qe7d7
13.Bc4xe6 Qd7xe6
14.Nd2e4 b6
15.Qd1d2 Ng8e7
16.Qd2f2 b5
17.Ra1e1 Ne7g6
18.Bf4d2 O-O
19.Qf2g3 Kh8
20.h4 Ra8e8
21.Ne4f2 h5
22.Qg3g5 Ng6xe5
23.Qg5xh5 Kg8
24.Bd2f4 f6
25.Re1e4 g6
26.Qh5h6 Qe6f7
27.Bf4xe5 Nc6xe5
28.Nf3xe5 fxe5
29.Re4g4 Re8e6
30.Kh2 Qf7g7
31.Qh6d2 Re6f6
32.h5 Qg7h7
33.Rg4g5 c5
34.Qd2e2 cxb4
35.axb4 Ba7b8
36.Kg1 Rf6e6
37.Nf2e4 Rf8xf1
38.Qe2xf1 Qh7g7
39.Qf1f3 Kh7
40.hxg6 Kg8
41.Qf3f5 Re6c6
42.g3 Qg7e7
43.Rg5h5 Qe7e6
44.Rh5h8 Kg7
45.Qf5f8 { resign }
1-0

[Event "Match"]
[Site "www.echecsemail.com"]
[Date "2015.07.20"]
[Round "1"]
[White "Cristiano"]
[Black "Joseph1983"]
[WhiteElo "2150"]
[BlackElo "2220"]
[Result "0-1"]
[Round "1"]
1.e4 c5
2.Ng1f3 e6
3.d4 cxd4
4.Nf3xd4 Nb8c6
5.Nb1c3 Bf8c5
6.Bc1e3 Qd8f6
7.Nc3e2 Ng8e7
8.c3 Nc6xd4
9.Be3xd4 Bc5xd4
10.Ne2xd4 O-O
11.Bf1e2 d5
12.Be2d3 dxe4
13.Bd3xe4 Qf6e5
14.Qd1e2 f5
15.Be4d3 Qe5xe2
16.Bd3xe2 e5
17.Nd4f3 Ne7c6
18.Be2c4 Kh8
19.O-O-O e4
20.Nf3g5 h6
21.Ng5f7 Kh7
22.Nf7d6 Nc6e5
23.Bc4e2 Bc8e6
24.b3 b6
25.f4 exf3
26.gxf3 f4
27.Nd6b5 Ra8d8
28.Nb5c7 Be6f5
29.Rd1xd8 Rf8xd8
30.c4 Ne5d3
31.Be2xd3 Rd8xd3
32.Rh1f1 Rd3c3
33.Kb2 Rc3c2
34.Ka3 Rc2xh2
35.Rf1g1 Rh2f2
36.Nc7e8 g5
37.Ne8f6 Kg6
38.Nf6d5 Rf2xf3
39.Nd5e7 Kf6
40.Ne7g8 Kg7
41.Ng8e7 Bf5e4
42.Ne7c8 Be4b7
43.Nc8xa7 Rf3g3
44.Rg1e1 f3
45.Re1e7 Kf6
46.Re7xb7 f2
47.Rb7b8 Kg7
48.Rb8b7 Kg6
49.Rb7xb6 Kf5
50.Rb6b8 Rg3f3
51.Rb8f8 Kg4
{ resign }
0-1

[Event "Match"]
[Site "www.echecsemail.com"]
[Date "2015.07.20"]
[Round "1"]
[White "Gegonz"]
[Black "Luzhin"]
[WhiteElo "1970"]
[BlackElo "2250"]
[Result "1-0"]
[Round "1"]
1.c4 b6
2.e3 e6
3.Nb1c3 f5
4.Bf1e2 Ng8f6
5.Be2f3 c6
6.d4 d5
7.Qd1a4 Bf8d6
8.cxd5 exd5
9.Ng1e2 O-O
10.O-O Nf6e4
11.Qa4b3 Kh8
12.g3 Qd8e7
13.a3 Nb8d7
14.Bf3g2 Rf8f6
15.f3 Ne4xc3
16.Qb3xc3 Bc8a6
17.Rf1e1 Ra8e8
18.Bc1d2 Qe7f7
19.Ra1c1 c5
20.b3 Ba6xe2
21.Re1xe2 f4
22.e4 cxd4
23.Qc3b2 d3
24.Re2e1 fxg3
25.hxg3 { resign }
1-0

[Event "Match"]
[Site "www.echecsemail.com"]
[Date "2015.07.20"]
[Round "1"]
[White "Generalfree"]
[Black "Supernovae"]
[WhiteElo "1780"]
[BlackElo "1970"]
[Result "1-0"]
[Round "1"]
1.d4 Ng8f6
2.Ng1f3 c5
3.Nb1c3 g6
4.dxc5 Nb8a6
5.Qd1d4 Bf8g7
6.b4 O-O
7.Qd4h4 d5
8.Nc3b5 Bc8d7
9.e3 Na6c7
10.Nb5xc7 Qd8xc7
11.Bf1d3 e5
12.e4 dxe4
13.Bd3xe4 Bd7b5
14.Bc1b2 Nf6d7
15.a4 Bb5c6
16.Be4xc6  { time }
1-0

[Event "Match"]
[Site "www.echecsemail.com"]
[Date "2015.07.20"]
[Round "1"]
[White "Aperturaf"]
[Black "Levelibeka"]
[WhiteElo "2440"]
[BlackElo "2570"]
[Result "1-0"]
[Round "1"]
1.e4 c5
2.Ng1f3 d6
3.d4 cxd4
4.Qd1xd4 e5
5.Bf1b5 Bc8d7
6.Qd4d3 Bf8e7
7.Nb1c3 a6
8.Bb5c4 Bd7e6
9.Bc4xe6 fxe6
10.O-O Nb8c6
11.Bc1e3 b5
12.Nc3e2  { time }
1-0

[Event "Match"]
[Site "www.echecsemail.com"]
[Date "2015.07.20"]
[Round "1"]
[White "Panham"]
[Black "Sik"]
[WhiteElo "1980"]
[BlackElo "1650"]
[Result "1-0"]
[Round "1"]
1.d4 Ng8f6
2.c4 e6
3.Nb1c3 d5
4.cxd5 exd5
5.Bc1g5 Bf8e7
6.e3 O-O
7.Bf1d3 h6
8.Bg5f4 Be7d6
9.Bf4xd6 Qd8xd6
10.Ra1c1 Bc8d7
11.Ng1f3 c5
12.O-O c4
13.Bd3e2 b5
14.Nf3e5 a6
15.Be2f3 Nb8c6
16.Ne5xd7 Qd6xd7
17.b3 Ra8b8
18.bxc4 dxc4
19.a3 Nc6a5
20.Qd1e2 Rf8e8
21.Qe2c2 Na5b3
22.Rc1d1 Nf6g4
23.Bf3e4 Qd7d6
24.g3 Qd6xa3
25.Qc2e2 Ng4f6
26.Qe2f3 Nf6xe4
27.Nc3xe4 Nb3a5
28.Rd1a1 Qa3e7
29.Ne4c5 Na5b7
30.Nc5xa6 Rb8a8
31.Qf3c6 Nb7d6
32.Na6c7 Ra8c8
33.Ra1a7 Re8d8
34.Rf1a1 Rd8d7
35.Nc7d5 Qe7d8
36.Qc6xd7  { time }
1-0